MARC

LEADER 00000nam1a2200000 4500
001 253674
005 20231101232851.0
010 |a 5648003919 
020 |a RU  |b 89-45166 
035 |a (RuTPU)RU\TPU\book\276077 
090 |a 253674 
100 |a 20140314d1989 k a0rusy5003 ca 
101 0 |a rus 
102 |a UZ 
200 1 |a Спектроскопия объемных и поверхностных фононов кристаллов  |f Е. А. Виноградов, И. И. Хаммадов  |g Академия наук Узбекской ССР (АН УзССР) 
210 |a Ташкент  |c Фан  |d 1989 
215 |a 168 с.  |c ил. 
320 |a Библиогр.: с. 7 (8 назв.) 
320 |a Библиогр. в конце гл. 
606 1 |a Кристаллы  |x Оптические свойства  |2 stltpush  |3 (RuTPU)RU\TPU\subj\16354  |9 42444 
610 1 |a колебательные спектры 
610 1 |a кристаллические пленки 
610 1 |a оптические свойства 
610 1 |a многослойные структуры 
610 1 |a дисперсионный анализ 
675 |a 548.0:535  |z rus 
700 1 |a Виноградов  |b Е. А.  |4 070 
701 1 |a Хаммадов  |b И. И.  |4 070 
712 0 2 |a Академия наук Узбекской ССР (АН УзССР)  |c (Ташкент)  |2 stltpush  |3 (RuTPU)RU\TPU\col\1343 
801 0 |a RU  |b RuMRKP  |c 19950417  |g psbo 
801 1 |a RU  |b 63413507  |c 20140314 
801 2 |a RU  |b 63413507  |c 20200929  |g RCR 
942 |c BK